[Event "EYCC 2017"]
[Site "Mamaia"]
[Date "2017.09.09"]
[Round "5"]
[White "Fileru, Maria"]
[Black "Gasimova, Samra"]
[Result "1/2-1/2"]
[WhiteElo "1371"]
[BlackElo "1578"]
[Annotator "NA"]
[PlyCount "63"]
[EventDate "2017.??.??"]
[EventType "swiss"]
[EventCountry "ROU"]
[SourceTitle "playchess.com"]
[Source "ChessBase"]
[SourceQuality "1"]
[TimeControl "40/5400+30:1800+30"]

1. d4 {[%emt 0:00:00]} Nf6 {[%emt 0:00:16]} 2. c4 {[%emt 0:00:00]} g6 {[%emt 0:00:04]} 3. Nc3 {[%emt 0:00:00]} Bg7 {[%emt 0:00:05]} 4. e4 {[%emt 0:00:10]} d6 {[%emt 0:00:04]} 5. f3 {[%emt 0:00:21]} O-O {[%emt 0:00:49]} 6. Bg5 {[%emt 0:00:21]} Nc6 {[%emt 0:00:50]} 7. Qd2 {[%emt 0:05:54]} e5 {[%emt 0:14:15]} 8. d5 {[%emt 0:06:30]} Nd4 {[%emt 0:01:26]} 9. Nge2 {[%emt 0:03:27]} c5 {[%emt 0:09:21]} 10. dxc6 {[%emt 0:01:46]} bxc6 {[%emt 0:08:22]} 11. Nxd4 {[%emt 0:09:19]} exd4 {[%emt 0:00:35]} 12. Qxd4 {[%emt 0:00:13]} Nxe4 {[%emt 0:03:50]} 13. Qxg7+ {[%emt 0:00:13]} Kxg7 {[%emt 0:00:06]} 14. Bxd8 {[%emt 0:00:06]} Nxc3 {[%emt 0:00:30]} 15. Bc7 {[%emt 0:01:02]} Re8+ {[%emt 0:01:59]} 16. Kf2 {[%emt 0:00:11]} Na4 {[%emt 0:00:18]} 17. b3 {[%emt 0:00:49]} Nc3 {[%emt 0:06:07]} 18. Bxd6 {[%emt 0:01:11]} a5 {[%emt 0:04:30]} 19. a3 {[%emt 0:00:52]} Bf5 {[%emt 0:02:59]} 20. Rc1 {[%emt 0:03:55]} Na2 {[%emt 0:00:53]} 21. Ra1 {[%emt 0:00:18]} Nc3 {[%emt 0:00:04]} 22. Rc1 {[%emt 0:27:11]} Na2 {[%emt 0:00:10]} 23. Ra1 {[%emt 0:00:06]} Nc3 24. c5 {[%emt 0:19:45]} Nd5 {[%emt 0:01:53]} 25. Bc4 {[%emt 0:00:23]} Ne3 {[%emt 0:01:12]} 26. Rac1 {[%emt 0:01:19]} Nxc4 {[%emt 0:02:45]} 27. Rxc4 {[%emt 0:00:06]} Be6 {[%emt 0:00:32]} 28. Rc3 {[%emt 0:00:51]} Ra7 {[%emt 0:00:40]} 29. Rb1 {[%emt 0:01:11]} Rb7 {[%emt 0:02:01]} 30. b4 {[%emt 0:00:49]} Rb5 {[%emt 0:03:47]} 31. Rb2 {[%emt 0:00:26]} Ra8 {[%emt 0:01:46]} 32. Rd3 {[%emt 0:01:11]} 1/2-1/2

[Event "EYCC 2017"]
[Site "Mamaia"]
[Date "2017.09.09"]
[Round "5"]
[White "Vingris, Mikelis"]
[Black "Giang, Tran Nam"]
[Result "0-1"]
[WhiteElo "1282"]
[BlackElo "1561"]
[Annotator "NA RC"]
[PlyCount "65"]
[EventDate "2017.??.??"]
[EventType "swiss"]
[EventCountry "ROU"]
[SourceTitle "playchess.com"]
[Source "ChessBase"]
[SourceQuality "1"]
[TimeControl "40/5400+30:1800+30"]

1. d4 d5 2. Nf3 Nf6 3. c4 dxc4 4. Bg5 a6 5. a4 Nc6 6. e3 Na5 7. Nbd2 Be6 8. Rc1 b5 9. Qc2 h6 10. Bh4 g6 11. Be2 Bg7 12. O-O O-O 13. Qc3 c6 14. e4 Rc8 15. Bxf6 Bxf6 16. e5 Bg7 17. Ra1 Ra8 18. Bd1 Qb6 19. Ne4 Nb7 20. a5 Qc7 21. Qb4 Bd5 22. Nfd2 Rfd8 23. Nc5 Nxc5 24. Qxc5 Qa7 25. Qxa7 Rxa7 26. Bf3 Rc7 27. Rad1 Rcd7 28. Bg4 Be6 29. Bxe6 fxe6 30. Nf3 c5 31. Rc1 cxd4 32. Rfe1 d3 33. Rcd1 0-1

[Event "EYCC 2017"]
[Site "Mamaia"]
[Date "2017.09.09"]
[Round "5"]
[White "Kusakina, Uliana"]
[Black "Zubkovskaya, Ekaterina"]
[Result "0-1"]
[WhiteElo "1157"]
[BlackElo "1399"]
[Annotator "NA"]
[PlyCount "76"]
[EventDate "2017.??.??"]
[EventType "swiss"]
[EventCountry "ROU"]
[SourceTitle "playchess.com"]
[Source "ChessBase"]
[SourceQuality "1"]
[TimeControl "40/5400+30:1800+30"]

1. e4 {[%emt 0:00:00]} e5 {[%emt 0:00:11]} 2. Nf3 {[%emt 0:00:00]} Nc6 {[%emt 0:00:11]} 3. Bc4 {[%emt 0:00:00]} Nf6 {[%emt 0:00:12]} 4. Ng5 {[%emt 0:00:11]} d5 {[%emt 0:00:07]} 5. exd5 {[%emt 0:00:33]} Na5 {[%emt 0:00:08]} 6. d3 {[%emt 0:00:20]} h6 {[%emt 0:00:07]} 7. Nf3 {[%emt 0:00:15]} e4 {[%emt 0:01:48]} 8. Qe2 {[%emt 0:00:18]} Nxc4 {[%emt 0:01:45]} 9. dxc4 {[%emt 0:00:10]} Bc5 {[%emt 0:03:01]} 10. Nfd2 {[%emt 0:00:25]} O-O {[%emt 0:01:35]} 11. Nb3 {[%emt 0:00:14]} Bd6 {[%emt 0:00:11]} 12. Be3 {[%emt 0:04:14]} Bg4 {[%emt 0:06:36]} 13. Qf1 {[%emt 0:00:42]} c6 {[%emt 0:05:16]} 14. h3 {[%emt 0:00:57]} Bd7 {[%emt 0:00:36]} 15. dxc6 {[%emt 0:02:51]} Bxc6 {[%emt 0:05:45]} 16. a3 {[%emt 0:04:23]} Be5 {[%emt 0:04:47]} 17. c3 {[%emt 0:07:05]} Qc7 {[%emt 0:06:34]} 18. N1d2 {[%emt 0:03:47]} a6 {[%emt 0:01:12]} 19. O-O-O {[%emt 0:01:49]} b5 {[%emt 0:00:34]} 20. cxb5 {[%emt 0:08:04]} Bxb5 {[%emt 0:00:15]} 21. Qe1 {[%emt 0:02:21]} Bd3 {[%emt 0:00:31]} 22. Nc5 {[%emt 0:06:45]} Bb5 23. Ndxe4 {[%emt 0:07:28]} Nxe4 {[%emt 0:01:34]} 24. Nxe4 {[%emt 0:01:07]} Rab8 {[%emt 0:00:42]} 25. Rd2 {[%emt 0:09:53]} Qc4 {[%emt 0:01:17]} 26. Nd6 {[%emt 0:10:59]} Bxd6 {[%emt 0:00:44]} 27. Rxd6 {[%emt 0:00:19]} Qa2 {[%emt 0:00:08]} 28. Rd4 {[%emt 0:10:28]} Bc4 {[%emt 0:00:34]} 29. b4 {[%emt 0:03:52]} Qxa3+ {[%emt 0:00:43]} 30. Kc2 {[%emt 0:00:33]} Qb3+ {[%emt 0:00:00]} 31. Kc1 {[%emt 0:02:27]} a5 {[%emt 0:00:10]} 32. Rxc4 {[%emt 0:03:17]} Qxc4 {[%emt 0:00:09]} 33. Bd4 {[%emt 0:03:17]} axb4 {[%emt 0:00:22]} 34. Qe5 {[%emt 0:00:48]} f6 {[%emt 0:00:16]} 35. Qc5 {[%emt 0:00:30]} Qa2 {[%emt 0:00:51]} 36. Rd1 {[%emt 0:02:03]} bxc3 {[%emt 0:00:32]} 37. Qd5+ {[%emt 0:01:51]} Qxd5 {[%emt 0:00:15]} 38. Bxc3 {[%emt 0:00:38]} Qa2 {[%emt 0:00:18]} 0-1